Rekomendacii po projetirovaniju proizvodstvenno-chozjajstvennych komplexov i struktur upravlenija IMI

Gespeichert in:
Bibliographische Detailangaben
Format: Buch
Sprache:Russisch
Veröffentlicht: Moskva Meždunarodnyj naučno-issledovatel'skij institut problem upravlenija 1983
Tags: Tag hinzufügen
Keine Tags, Fügen Sie das erste Tag hinzu!

MARC

LEADER 00000nam a2200000 4500
001 c131425
005 20041019155252.3
041 0 |a rus 
044 |a RU 
245 1 0 |a Rekomendacii po projetirovaniju proizvodstvenno-chozjajstvennych komplexov i struktur upravlenija IMI 
264 1 |a Moskva  |b Meždunarodnyj naučno-issledovatel'skij institut problem upravlenija  |c 1983 
300 |a 79 s.